00457nam a22001337a 4500003000400000008004100004020001800045082001900063100001800082245008900100260006300189300001200252650005900264OSt260624b |||||||| |||| 00| 0 eng d a9788197951602 a746.0954bS24T aSarkar, S.R.  aTraditional Textiles Embroideries, Costumes and Jewelleries of India/ by S.R. Sarkar aDelhi : bToday & Tomorrow Printers and Publishers,c2025. a231 p. aFine and Decorative Arts | Conservation | Textile arts